000 00481nam a2200193Ia 4500
005 20250106022914.0
008 240331s9999 xx 000 0 und d
020 _a8185107068
082 _bKAM
_21876
_a305
100 _aBhasin, K
100 _aKhan, N S
245 0 _aSome Questions on Feminism and its Relevance in South Asia
250 _a2nd
260 _aNew Delhi
_bKali for Women
_c1986
300 _a46 p.,
650 _aFeminism
650 _aSouth Asia
942 _cL
999 _c1430
_d1430